|
|
|
|
| LEADER |
01625nam a2200469 a 4500 |
| 001 |
nkc20102130410 |
| 003 |
CZ PrNK |
| 005 |
20120229083015.0 |
| 007 |
ta |
| 008 |
101020s2010 xr a e f 000 0 cze |
| 015 |
|
|
|a cnb002130410
|
| 020 |
|
|
|a 978-80-86307-95-4
|q (brož.)
|
| 035 |
|
|
|a (OCoLC)693933825
|
| 040 |
|
|
|a ABA001
|b cze
|
| 043 |
|
|
|a e-xr---
|
| 072 |
|
7 |
|a 373.2/.3
|x Předškolní a primární výchova a vzdělávání
|2 Konspekt
|9 22
|
| 080 |
|
|
|a 373.2
|2 MRF
|
| 080 |
|
|
|a 502:37.03
|2 MRF
|
| 080 |
|
|
|a 373.24
|2 MRF
|
| 080 |
|
|
|a (437.3)
|2 MRF
|
| 080 |
|
|
|a (072)
|2 MRF
|
| 100 |
1 |
|
|a Jančaříková, Kateřina,
|d 1970-
|7 mzk2003205866
|4 aut
|
| 245 |
1 |
0 |
|a Environmentální činnosti v předškolním vzdělávání /
|c Kateřina Jančaříková
|
| 260 |
|
|
|a Praha :
|b Josef Raabe,
|c c2010
|
| 300 |
|
|
|a 148 s. :
|b il. ;
|c 21 cm
|
| 490 |
1 |
|
|a Nahlížet - nacházet
|
| 504 |
|
|
|a Obsahuje bibliografii
|
| 650 |
0 |
7 |
|a předškolní výchova
|7 ph124887
|2 czenas
|
| 650 |
0 |
7 |
|a environmentální výchova a vzdělávání
|7 ph119964
|2 czenas
|
| 650 |
0 |
7 |
|a mateřské školy
|7 ph122683
|z Česko
|2 czenas
|
| 650 |
0 |
9 |
|a preschool education
|2 eczenas
|
| 650 |
0 |
9 |
|a environmental education
|2 eczenas
|
| 650 |
0 |
9 |
|a kindergartens
|z Czechia
|2 eczenas
|
| 655 |
|
7 |
|a metodické příručky
|7 fd132826
|2 czenas
|
| 655 |
|
9 |
|a methodological manuals
|2 eczenas
|
| 830 |
|
0 |
|a Nahlížet - nacházet
|0 s
|
| 910 |
2 |
|
|a BOA001
|b 2-1246.953
|
| 928 |
9 |
|
|a Raabe
|
| 990 |
|
|
|a BK
|
| 995 |
|
|
|a 01
|
| 991 |
|
|
|b 201012
|c NOV
|e n
|
| 996 |
6 |
|
|b 2610455014
|c 2-1246.953
|l MZK
|r Sklad / do 1 hodiny
|n 25
|p p.v.
|w 001158157
|u 000010
|a 1
|e BOA001
|j MZK50
|s P
|